000 00886nam0a22002411 4500
001 rc\1005604
005 20041129102025.9
035 _a(NLR Aleph) 006171518
090 _a5969615
_c5969615
100 _a20041129d1981 u |0rusy50 ca
101 0 _arus
102 _aRU
105 _aa |||||||||
200 1 _aСюжетные картинки по развитию русской речи учащихся VI-VIII классов молдавской школы
210 _aКишинев
_cЛумина
_d1981
215 _a70 отд. л. цв. ил. в обертке
_d30
_eМетод. указания (19 с.; 20 см.)
300 _aАвт. указан на 2-й с. обертки
700 1 _aБушева
_bЛ. В.
_gЛариса Виссарионовна
801 0 _aRU
_bNLR
_gpsbo
801 1 _aRU
_bELAR
_2rusmarc
852 _aNLR
_j82-8/890
942 _cBOOK
980 _aNB